00791 2200205 4500245009400000020002200094250001000116100001500126700001400141700001700155700003100172650002000203005001900223260002900242041001400271084000800285300002700293500025600320336000900576 aThe Udik Girl b : Olalaaa ... Mengejar Cowok Impian Sampai ke IbukotacAfin YuliahText a978-979-29-5125-7 aEd. 1 aAfin Yulia aTia Marty aRagil Kuning aYashinta Vita Wahyuningsih aNovel Indonesia a20231002135846 aYogyakartabSheilac2015 aIndonesia a813 avi, 138 hlm. :c19 cm. aSuatu ketika, saat berkeliling menjajakan dagangannya, gerobak bakso ning terguling. Hujan yang turun beberapa waktu sebelumnya membuat jalanan di kampung ning menjadi becek dan licin. Ditengah keadaan genting itulah, ning spontan mengeluarkan nadzar. atext